The Oxford atlas

Saved in:  
Bibliographic Details
Contributors: Lewis, Clinton 1885- (Editor)
Format: Print Book
Language:English
Subito Delivery Service: Order now.
Check availability: HBZ Gateway
WorldCat: WorldCat
Interlibrary Loan:Interlibrary Loan for the Fachinformationsdienste (Specialized Information Services in Germany)
Published: London [u.a.] Oxford University Press 1963
In:Year: 1963
Edition:Reprinted with rev.

MARC

LEADER 00000cam a2200000 c 4500
001 1165882671
003 DE-627
005 20251225181904.0
007 tu
008 011207s1963 xx ||||| 00| ||eng c
035 |a (DE-627)1165882671 
035 |a (DE-576)095882677 
035 |a (DE-599)BSZ095882677 
035 |a (OCoLC)220447377 
040 |a DE-627  |b ger  |c DE-627  |e rakwb 
041 |a eng 
082 0 |a 912 
084 |a BB 1280  |2 rvk  |0 (DE-625)rvk/9124: 
245 0 4 |a The Oxford atlas  |c [Hrsg.] Clinton Lewis 
250 |a Reprinted with rev. 
264 1 |a London [u.a.]  |b Oxford University Press  |c 1963 
300 |a 96, XXVI, 92 S.  |b zahlr. Kt. 
336 |a Text  |b txt  |2 rdacontent 
337 |a ohne Hilfsmittel zu benutzen  |b n  |2 rdamedia 
338 |a Band  |b nc  |2 rdacarrier 
700 1 |8 1\p  |e Hrsg.  |0 (DE-588)123294533  |0 (DE-627)082467455  |0 (DE-576)293641900  |4 edt  |a Lewis, Clinton  |d 1885- 
883 |8 1\p  |a cgwrk  |d 20241001  |q DE-101  |u https://d-nb.info/provenance/plan#cgwrk 
935 |a mteo 
936 r v |a BB 1280  |b Atlanten, Tabellen, Statistik u.ä.  |k Theologie und Religionswissenschaften  |k Allgemeines zur Theologie  |k Hilfsmittel  |k Atlanten, Tabellen, Statistik u.ä.  |0 (DE-627)127071127X  |0 (DE-625)rvk/9124:  |0 (DE-576)20071127X 
951 |a BO 
ELC |b 1 
ORI |a SA-MARC-ixtheo_oa001.raw 
REL |a 1 
SUB |a REL